Statistiques concernant Culture Générale - Série 595

Cliquez ici pour prendre le quiz!

Statistiques générales

  • Ce quiz a été pris 171 fois
  • Le résultat moyen est 8 sur 10

Statistiques - réponses

QuestionRéponse% Correct
De quel instrument joue un harmoniciste ?harmonica
98%
Le sigle P.N.B. signifie Produit National...Brut
96%
Sous quelle mer, le tunnel ferroviaire qui relie la France à la Grande-Bretagne, passe-t-il ?Manche
96%
Quel genre cinématographique, mettant en scène des cow-boys et des Indiens, peut être "spaghetti" ?western
95%
Dans quel conte de Charles Perrault, une princesse se pique-t-elle le doigt en filant, et sombre dans un profond sommeil ?La Belle au bois dormant
89%
Quel os long, articulé avec le cubitus, compose l'avant-bras ?radius
84%
À Paris, quelle ancienne forteresse bâtie par Philippe Auguste, devenue résidence royale au XIVe siècle, a été transformée en musée national en 1793 ?Le Louvre
82%
Comment appelle-t-on un cheval destiné à la reproduction ?étalon
76%
Le sigle U.H.T. inscrit sur les briques de lait signifie "Ultra-Haute...Température
73%
En 1973, dans quel film d'Edouard Molinaro Jacques Brel et Lino Ventura étaient-ils partenaires ?L'Emmerdeur
48%

Distribution des résultats

Percentile par nombre de réponses

% des personnes avec chaque résultat

Votre développement - résultats

Vous n’avez pas pris ce quiz